Innovations and advances in computer information, systems sciences, and engineering

Gespeichert in:
Bibliographische Detailangaben
Format: Schriftenreihe
Tags: Tag hinzufügen
Keine Tags, Fügen Sie das erste Tag hinzu!

MARC

LEADER 00000nas a22000003a 4500
001 stu289609
005 20141123220154.9
008 140519s--------------------------------d
040 |a STU  |b slo 
041 0
245 |a Innovations and advances in computer information, systems sciences, and engineering 
773 0 |t Innovations and advances in computer information, systems sciences, and engineering  |w stu_us_cat*stu289608  |z 978-1-4614-3534-1  |7 nnas 
996 |c I*Z10161  |d Part 1  |v Part 1  |l I  |s A  |a 24  |w stu289609_0001